| 000 | 00407nam a2200145 i 4500 | ||
|---|---|---|---|
| 001 | 51422 | ||
| 003 | ES-MaACL | ||
| 005 | 20230906162346.0 | ||
| 007 | t| | ||
| 008 | 030813s1978 xxu ||||1| eng d | ||
| 245 | 0 | 0 | _aCharts concerning Chinese communists on the mainland... |
| 260 |
_a[S.l.] : _bWorld Anti-Communist League, _c1978. |
||
| 300 |
_aIX, 16 p. ; _c26 cm. |
||
| 852 |
_aES-MaACL _jA-8392 _bR.98001 |
||
| 999 |
_c51422 _d51422 |
||